Minecraft Jungle Temple Loot - Sudden Death - Statistics

General Stats
  • This quiz has been taken 11 times
  • The average score is 4 of 13
Answers on the Grid
Answers color-coded by a green-red scale on the quiz's grid according to % correct below.
Arrow
Bamboo
Bone
Bread
Coal
Cocoa beans
Diamond
Diamond horse armor
Emerald
Enchanted book
Feather
Gold ingot
Golden horse armor
Iron horse armor
Iron ingot
Iron nugget
Lapis lazuli
Lead
Leather
Melon seeds
Melon slice
Name tag
Raiser armor trim smithing template
Redstone dust
Rotten flesh
Stick
String
Torch
Wayfinder armor trim smithing template
Wild armor trim smithing template
 
Answer Stats
Answer % Correct
Bamboo
80%
Bone
60%
Gold ingot
60%
Iron ingot
60%
Diamond
20%
Diamond horse armor
20%
Emerald
20%
Leather
20%
Rotten flesh
20%
Enchanted book
0%
Golden horse armor
0%
Iron horse armor
0%
Wild armor trim smithing template
0%
No matching quizzes found
Score Distribution
Percent of People with Each Score
Percentile by Number Answered
Your Score History
You have not taken this quiz